[Event "Game 1579 - Friendly Game, 10m + 0s"]
[Site "Main Playing Hall"]
[Date "2003.08.09"]
[Round "?"]
[White "kmreese"]
[Black "FabianKr?ger"]
[Result "0-1"]
[WhiteElo "1397"]
[BlackElo "2039"]
[PlyCount "68"]
[EventDate "2003.??.??"]

1. e4 c5 2. Nf3 d6 3. d4 cxd4 4. Nxd4 Nf6
5. Bc4 Nxe4 6. O-O e6 7. f3 Nf6 8. Bg5 Qb6
9. c3 e5 10. Re1 Be7 11. Qe2 O-O 12. a4 Nc6
13. a5 Nxd4 14. axb6 Nxe2+ 15. Rxe2 a6 16. Nd2 Be6
17. Bxe6 fxe6 18. b4 Rfc8 19. Re3 Nd5 20. Bxe7 Nxe3
21. Bxd6 Rxc3 22. Ne4 Rc2 23. Nc5 Nd5 24. Nxb7 Nxb6
25. Nc5 Nc4 26. Nxa6 Nxd6 27. Ra5 Nc4 28. Ra4 Rd8
29. h4 Rdd2 30. Kh2 Rxg2+ 31. Kh3 Rh2+ 32. Kg4 Rcg2+
33. Kh5 g6+ 34. Kh6 Rxh4# 0-1

[Event "Game 1580 - Rated game, 12m + 2s"]
[Site "Beginners"]
[Date "2003.08.10"]
[Round "?"]
[White "Gr?nspecht"]
[Black "kmreese"]
[Result "1-0"]
[WhiteElo "1365"]
[BlackElo "1397"]
[PlyCount "45"]
[EventDate "2003.??.??"]

1. e4 c5 2. Nf3 d6 3. d4 Nf6 4. Nc3 cxd4
5. Qxd4 e5 6. Qd1 Nc6 7. Bb5 a6 8. Bc4 b5
9. Bb3 a5 10. Ng5 a4 11. Bxf7+ Kd7 12. Be6+ Ke8
13. Bd5 Nxd5 14. Qxd5 Qd7 15. Nxb5 Ra5 16. c4 Ba6
17. Bd2 Nd4 18. Bxa5 Nc2+ 19. Kd1 Nxa1 20. Nc7+ Ke7
21. Nxa6 Qg4+ 22. f3 Qxg2 23. Qf7# 1-0

[Event "Game 1583 - Rated game, 15m + 0s"]
[Site "Main Playing Hall"]
[Date "2003.08.12"]
[Round "?"]
[White "lord gorgoroth"]
[Black "kmreese"]
[Result "1/2-1/2"]
[WhiteElo "1217"]
[BlackElo "1377"]
[PlyCount "130"]
[EventDate "2003.??.??"]

1. e4 e5 2. Qh5 Nc6 3. Bc4 g6 4. Qf3 Nh6
5. d3 d6 6. Bxh6 f6 7. Bxf8 Rxf8 8. Bd5 Nb4
9. Qd1 c6 10. Bb3 h5 11. Nf3 f5 12. exf5 Rxf5
13. O-O g5 14. Nfd2 g4 15. c4 Nxd3 16. Bc2 Nxb2
17. Qc1 Rf4 18. Qxb2 h4 19. Bg6+ Kf8 20. Nc3 h3
21. g3 Rf6 22. Bb1 d5 23. Rd1 dxc4 24. Nde4 Qe7
25. Nxf6 Qxf6 26. Ne4 Qf3 27. Rd8+ Ke7 28. Qxe5+ Kxd8
29. Qf6+ Qxf6 30. Nxf6 c3 31. Bc2 b5 32. Rd1+ Ke7
33. Ne4 Bf5 34. Rc1 Rd8 35. Nxc3 Bxc2 36. Rxc2 Rd3
37. Rc1 a5 38. Kf1 b4 39. Ke2 Rxc3 40. Rxc3 bxc3
41. Kd3 c2 42. Kxc2 Kd6 43. Kd3 Kc5 44. Ke3 a4
45. f4 Kd5 46. Kd3 c5 47. f5 c4+ 48. Kc3 Ke5
49. Kxc4 Kxf5 50. Kd3 a3 51. Ke2 Ke5 52. Kd2 Kd4
53. Kc2 Kc4 54. Kb1 Kc3 55. Ka1 Kb4 56. Kb1 Kc3
57. Kc1 Kd3 58. Kd1 Kc3 59. Kc1 Kd3 60. Kd1 Ke3
61. Ke1 Ke4 62. Ke2 Kd4 63. Kd2 Kc4 64. Kc2 Kb4
65. Kb1 Kc3 { Draw - 3 Fold Rep} 1/2-1/2

[Event "Game 1584 - Rated game, 15m + 0s"]
[Site "Beginners"]
[Date "2003.08.13"]
[Round "?"]
[White "kmreese"]
[Black "heikoschach"]
[Result "1-0"]
[WhiteElo "1369"]
[BlackElo "1363"]
[PlyCount "29"]
[EventDate "2003.??.??"]

1. e4 e5 2. Nf3 Nc6 3. Bc4 h6 4. d3 d6
5. Nc3 Be6 6. Bxe6 fxe6 7. O-O Nd4 8. Nxd4 exd4
9. Nb5 Qd7 10. a4 O-O-O 11. Nxa7+ Kb8 12. Nb5 c6
13. Nxd4 e5 14. Nb3 g5 15. a5 {Black - Resign} 1-0

[Event "Game 1585 - Rated game, 15m + 0s"]
[Site "Beginners"]
[Date "2003.08.13"]
[Round "?"]
[White "geeny"]
[Black "kmreese"]
[Result "1-0"]
[WhiteElo "1039"]
[BlackElo "1387"]
[PlyCount "109"]
[EventDate "2003.??.??"]

1. d4 d5 2. Nc3 e6 3. Nf3 Bb4 4. e3 Nc6
5. Bb5 a6 6. Bxc6+ bxc6 7. Bd2 a5 8. O-O Ba6
9. Re1 Nf6 10. a3 Bxc3 11. Bxc3 Ng4 12. h3 Nf6
13. Bxa5 Ne4 14. Ne5 Qf6 15. Qf3 Qxf3 16. Nxf3 c5
17. Bxc7 O-O 18. Bd6 Nxd6 19. dxc5 Ne4 20. b4 Bb7
21. Rec1 Nc3 22. Kh1 d4 23. Nxd4 f5 24. Re1 Ne4
25. f3 Ng5 26. f4 Nxh3 27. c6 Nf2+ 28. Kg1 Ne4
29. cxb7 Rab8 30. Nxe6 Rf6 31. Nc5 Nd6 32. Nd7 Rxb7
33. Nxf6+ gxf6 34. Red1 Ne4 35. Rd5 Ng3 36. Rad1 Kf7
37. Rd7+ Rxd7 38. Rxd7+ Ke6 39. Rxh7 Kd6 40. a4 Ne2+
41. Kf2 Nc3 42. a5 Nb5 43. Rh6 Ke6 44. a6 Kd6
45. c4 Na7 46. Rxf6+ Ke7 47. Rxf5 Kd7 48. b5 Kc7
49. Rf6 Nc8 50. g4 Nb6 51. c5 Nd7 52. c6 Nxf6
53. a7 Nd7 54. cxd7 Kxd7 55. a8=Q {Black - Resign} 1-0

[Event "Game 1587 - Rated game, 15m + 2s"]
[Site "Main Playing Hall"]
[Date "2003.08.13"]
[Round "?"]
[White "kmreese"]
[Black "Agamennone"]
[Result "1-0"]
[WhiteElo "1592"]
[BlackElo "1581"]
[Annotator "Black - Resign"]
[PlyCount "69"]
[EventDate "2003.??.??"]

1. e4 c5 2. f4 g6 3. Nf3 Bg7 4. e5 d6
5. exd6 Qxd6 6. d4 cxd4 7. Bb5+ Nc6 8. O-O Nf6
9. Re1 O-O 10. Bxc6 bxc6 11. Nxd4 Rd8 12. Nc3 c5
13. Ncb5 Qxd4+ 14. Nxd4 Rxd4 15. Qf3 Rb8 16. Be3 Rd5
17. c4 Rd7 18. Bxc5 Bb7 19. Qb3 Rbd8 20. Bxa7 Ne4
21. Qb5 Bd4+ 22. Bxd4 Rxd4 23. Qxb7 Nd6 24. Qxe7 Nxc4
25. Rec1 Nxb2 26. Rc7 Rf8 27. Rac1 Rxf4 28. Rc8 Rxc8
29. Rxc8+ Kg7 30. Rc7 Nd3 31. a4 Nb4 32. Qe5+ Rf6
33. a5 Na6 34. Rd7 Nb4 35. Rd6 {Black - Resign} 1-0

[Event "Game 1590 - Rated game, 10m + 0s"]
[Site "Beginners"]
[Date "2003.08.16"]
[Round "?"]
[White "kmreese"]
[Black "aliceandcooper"]
[Result "0-1"]
[WhiteElo "1355"]
[BlackElo "1229"]
[Annotator "White - Resign"]
[PlyCount "22"]
[EventDate "2003.??.??"]

1. e4 d5 2. Nc3 d4 3. Nd5 e6 4. Nf4 g5
5. Nh5 e5 6. Qf3 g4 7. Qe2 Nc6 8. d3 Bb4+
9. c3 dxc3 10. b3 Nd4 11. Ng7+ Kf8 {White - Resign} 0-1

[Event "Game 1591 - Rated game, 10m + 0s"]
[Site "Beginners"]
[Date "2003.08.16"]
[Round "?"]
[White "aliceandcooper"]
[Black "kmreese"]
[Result "0-1"]
[WhiteElo "1229"]
[BlackElo "1355"]
[Annotator "White - Resign"]
[PlyCount "20"]
[EventDate "2003.??.??"]

1. e4 c5 2. Nf3 d6 3. Nc3 e5 4. Bc4 Be7
5. O-O Nf6 6. a4 a6 7. a5 Nc6 8. Bxf7+ Kxf7
9. Ng5+ Ke8 10. Qh5+ Nxh5 {White - Resign} 0-1

[Event "Game 1592 - Rated game, 10m + 0s"]
[Site "Beginners"]
[Date "2003.08.16"]
[Round "?"]
[White "kmreese"]
[Black "aliceandcooper"]
[Result "1-0"]
[WhiteElo "1345"]
[BlackElo "1239"]
[PlyCount "61"]
[EventDate "2003.??.??"]

1. e4 d5 2. e5 Bf5 3. Nf3 Nc6 4. Bb5 a6
5. Bxc6+ bxc6 6. Nd4 Be4 7. Nxc6 Qd7 8. Nd4 Bxg2
9. Rg1 Qh3 10. c4 Qxh2 11. Qa4+ Kd8 12. Nc6+ Kc8
13. Rxg2 Qh1+ 14. Ke2 Qxg2 15. Nc3 e6 16. Nb5 Qe4+
17. Kd1 Qxc4 18. Nca7+ Kb7 19. Nd6+ Bxd6 20. Qxc4 dxc4
21. exd6 cxd6 22. d4 cxd3 23. Be3 d5 24. b4 Nf6
25. Rb1 Ng4 26. Bd4 f6 27. b5 axb5 28. Rxb5+ Ka6
29. Rb4 h5 30. Nc6 h4 31. Rb6# 1-0

[Event "Game 1593 - Rated game, 10m + 0s"]
[Site "Beginners"]
[Date "2003.08.16"]
[Round "?"]
[White "aliceandcooper"]
[Black "kmreese"]
[Result "0-1"]
[WhiteElo "1227"]
[BlackElo "1358"]
[PlyCount "46"]
[EventDate "2003.??.??"]

1. a3 d5 2. e3 e5 3. d4 e4 4. Nc3 Nf6
5. f3 Bf5 6. g4 Bg6 7. f4 Nfd7 8. f5 Qh4+
9. Kd2 Nf6 10. fxg6 hxg6 11. Qe1 Qxg4 12. Be2 Qg2
13. Qg3 Qxh1 14. Qxc7 Be7 15. Qc8+ Bd8 16. Qxb7 Rxh2
17. Nxe4 Nxe4+ 18. Kd3 Qxg1 19. Qxa8 Nf2+ 20. Kc3 Nd1+
21. Bxd1 Qxd1 22. Qxb8 Qxc2+ 23. Kb4 Qc4# 0-1

[Event "Game 1595 - Rated game, 15m + 0s"]
[Site "Main Playing Hall"]
[Date "2003.08.16"]
[Round "?"]
[White "kmreese"]
[Black "zeros"]
[Result "1-0"]
[WhiteElo "1369"]
[BlackElo "1288"]
[PlyCount "41"]
[EventDate "2003.??.??"]

1. e4 g6 2. d4 d6 3. d5 Bg7 4. Nf3 Bg4
5. Bb5+ Nd7 6. O-O Ngf6 7. Nbd2 a6 8. Be2 Bxf3
9. Nxf3 O-O 10. Ng5 h6 11. Nh3 Nxe4 12. Bd3 Ndf6
13. Bxe4 Nxe4 14. Nf4 Be5 15. Re1 Bxf4 16. Bxf4 Nc5
17. Bxh6 Re8 18. Qd4 f6 19. Qg4 g5 20. Qh5 e5
21. Qg6+ {Black - Resign} 1-0

[Event "Game 1596 - Rated game, 10m + 0s"]
[Site "Main Playing Hall"]
[Date "2003.08.16"]
[Round "?"]
[White "McGuffin"]
[Black "kmreese"]
[Result "0-1"]
[WhiteElo "1331"]
[BlackElo "1360"]
[Annotator "White - Resign"]
[PlyCount "82"]
[EventDate "2003.??.??"]

1. e4 c5 2. Nc3 e5 3. Nf3 Nc6 4. Bb5 c4
5. Bxc6 bxc6 6. Nxe5 Bc5 7. Nxc4 Qf6 8. f3 Nh6
9. d3 Ng4 10. Qe2 Nf2 11. Rf1 d6 12. Rxf2 O-O
13. Be3 Bxe3 14. Nxe3 Ba6 15. O-O-O d5 16. exd5 Rab8
17. dxc6 Rfe8 18. Qd2 Qxc6 19. Re2 Qb6 20. b3 Qc5
21. Nc4 Red8 22. Re5 Qd4 23. Rde1 f6 24. R1e4 Qg1+
25. Qd1 Qxh2 26. Re6 Bxc4 27. bxc4 f5 28. R4e5 Qf4+
29. Qd2 Qh2 30. Qe1 Kf8 31. Rxf5+ Kg8 32. Rfe5 Qf4+
33. Re3 Re8 34. Rxe8+ Rxe8 35. Ne4 a5 36. Kd1 Rb8
37. Kd2 h5 38. Nd6 Rb2 39. Kd1 Rb1+ 40. Ke2 Rxe1+
41. Kxe1 Qxe3+ {White - Resign} 0-1

[Event "Game 1597 - Rated game, 10m + 0s"]
[Site "Main Playing Hall"]
[Date "2003.08.16"]
[Round "?"]
[White "kmreese"]
[Black "slipryyyyyyyyy"]
[Result "1-0"]
[WhiteElo "1353"]
[BlackElo "1217"]
[PlyCount "37"]
[EventDate "2003.??.??"]

1. e4 e5 2. Nf3 d6 3. Bc4 Bg4 4. O-O Nc6
5. d3 Nd4 6. Bxf7+ Ke7 7. Bg5+ Nf6 8. h3 Bxf3
9. gxf3 Kxf7 10. f4 h6 11. Bxf6 Qxf6 12. fxe5 Qxe5
13. f4 Qc5 14. Kh1 Nxc2 15. Qg4 Nxa1 16. f5 Nc2
17. Qg6+ Kg8 18. f6 Ne3 19. f7# 1-0

[Event "Game 1598 - Rated game, 10m + 0s"]
[Site "Main Playing Hall"]
[Date "2003.08.16"]
[Round "?"]
[White "slipryyyyyyyyy"]
[Black "kmreese"]
[Result "1-0"]
[WhiteElo "1192"]
[BlackElo "1365"]
[Annotator "Black - Resign"]
[PlyCount "91"]
[EventDate "2003.??.??"]

1. e4 c5 2. Nc3 g6 3. d4 e6 4. dxc5 Bxc5
5. Be3 Bb4 6. Qd4 f6 7. Qxb4 Nc6 8. Qc5 b6
9. Qc4 f5 10. O-O-O d5 11. exd5 Ne5 12. Qd4 Ng4
13. Qxh8 e5 14. Qxg8+ Ke7 15. Qxd8+ Kxd8 16. Nh3 f4
17. Bd2 h5 18. Be2 Nf6 19. g3 Bxh3 20. gxf4 exf4
21. Bxf4 h4 22. Bg5 Ke7 23. Bxf6+ Kxf6 24. Bf1 Bg4
25. Rd2 Re8 26. Be2 Bh3 27. Rg1 g5 28. d6 Ke6
29. Nb5 Ke5 30. Re1 Kf4 31. Red1 g4 32. Nxa7 g3
33. hxg3+ hxg3 34. fxg3+ Ke3 35. d7 Rd8 36. Nc6 Rxd7
37. Rxd7 Kxe2 38. R1d2+ Ke3 39. R7d6 Ke4 40. Ne7 Ke5
41. Rxb6 Ke4 42. Ng8 Kf3 43. Nh6 Kxg3 44. Rd3+ Kh4
45. Rxh3+ Kxh3 46. c4 {Black - Resign} 1-0

[Event "Game 1599 - Rated game, 10m + 0s"]
[Site "Main Playing Hall"]
[Date "2003.08.16"]
[Round "?"]
[White "kmreese"]
[Black "slipryyyyyyyyy"]
[Result "0-1"]
[WhiteElo "1338"]
[BlackElo "1245"]
[Annotator "White - Resign"]
[PlyCount "98"]
[EventDate "2003.??.??"]

1. e4 e5 2. Nf3 d6 3. Bc4 Bg4 4. d3 Qf6
5. Nc3 Bxf3 6. gxf3 Ne7 7. h4 h6 8. Nb5 Na6
9. f4 O-O-O 10. Nxa7+ Kb8 11. Nb5 exf4 12. Be3 b6
13. Bd4 Qg6 14. Nc3 Qg2 15. Rf1 d5 16. Bxa6 dxe4
17. dxe4 Nc6 18. Nb5 Qxe4+ 19. Qe2 Qxe2+ 20. Kxe2 Nxd4+
21. Nxd4 Rxd4 22. c3 Re4+ 23. Kf3 Re5 24. Kxf4 Bd6
25. Kf3 c6 26. Rfd1 Bc7 27. Rd3 b5 28. Rad1 Ka7
29. Bxb5 cxb5 30. Rd7 Kb6 31. b4 Re6 32. c4 g5
33. c5+ Kb7 34. h5 f5 35. a4 bxa4 36. b5 Re5
37. c6+ Kb6 38. Rb1 g4+ 39. Kf4 Re1+ 40. Kxf5 Rxb1
41. Kxg4 Rxb5 42. Rd4 a3 43. Ra4 Rb3 44. f4 Kxc6
45. Ra6+ Kb5 46. Ra7 Rf8 47. f5 Rb4+ 48. Kf3 Rxf5+
49. Ke3 Bb6+ {White - Resign} 0-1

[Event "Game 1600 - Rated game, 15m + 0s"]
[Site "Beginners"]
[Date "2003.08.17"]
[Round "?"]
[White "Cherokee"]
[Black "kmreese"]
[Result "0-1"]
[WhiteElo "1196"]
[BlackElo "1316"]
[PlyCount "62"]
[EventDate "2003.??.??"]

1. c4 e5 2. Nc3 Nf6 3. Nf3 e4 4. Ng5 Ng4
5. Ngxe4 c6 6. e3 d5 7. cxd5 cxd5 8. h3 Ne5
9. Ng3 a6 10. d4 Ng6 11. Bd3 Nh4 12. O-O Nc6
13. Re1 h5 14. Nxh5 Nxg2 15. Kxg2 Qg5+ 16. Kf1 Bxh3+
17. Ke2 Bg4+ 18. f3 Bxh5 19. Rh1 Qg2+ 20. Ke1 Qxh1+
21. Kd2 Qg2+ 22. Qe2 Qg3 23. Nxd5 Bb4+ 24. Nxb4 Nxb4
25. Be4 Rc8 26. a3 Bxf3 27. Qxf3 Rc2+ 28. Bxc2 Qxf3
29. axb4 Rh2+ 30. Kc3 Qc6+ 31. Kd3 Qxc2# 0-1

[Event "Game 1603 - Rated game, 15m + 0s"]
[Site "Main Playing Hall"]
[Date "2003.08.17"]
[Round "?"]
[White "kmreese"]
[Black "Mier"]
[Result "0-1"]
[WhiteElo "1328"]
[BlackElo "1337"]
[Annotator "White - Resign"]
[PlyCount "62"]
[EventDate "2003.??.??"]

1. e4 c5 2. f4 Nc6 3. e5 e6 4. Bc4 d6
5. Nf3 Qc7 6. O-O dxe5 7. fxe5 Nxe5 8. Nxe5 Qxe5
9. Nc3 Qd4+ 10. Kh1 Qxc4 11. Qf3 Nf6 12. d3 Qg4
13. Qxg4 Nxg4 14. Bf4 b6 15. Ne4 Bb7 16. Ng5 Be7
17. Nxf7 Kxf7 18. Bd6+ Nf6 19. Bg3 Rhf8 20. Rae1 Rae8
21. h4 Bd8 22. Be5 Kg8 23. Bd6 Rf7 24. Kh2 Bc7
25. Bxc7 Rxc7 26. g4 Nxg4+ 27. Kg3 Nf6 28. c4 Rf7
29. Rf2 Nh5+ 30. Kg4 Rxf2 31. Kxh5 Rg2 {White - Resign} 0-1

[Event "Game 1604 - Rated game, 13m + 2s"]
[Site "Main Playing Hall"]
[Date "2003.08.18"]
[Round "?"]
[White "kmreese"]
[Black "ruschak"]
[Result "0-1"]
[WhiteElo "1310"]
[BlackElo "1207"]
[PlyCount "66"]
[EventDate "2003.??.??"]

1. e4 e5 2. Nf3 Nc6 3. Bc4 d6 4. d3 Qe7
5. Ng5 Be6 6. Bxe6 fxe6 7. O-O h6 8. Qh5+ Kd7
9. Nc3 Nf6 10. f4 Nxh5 11. fxe5 dxe5 12. Nb5 hxg5
13. h4 gxh4 14. d4 exd4 15. Rf2 a6 16. Na3 Ng3
17. Bf4 Nxe4 18. Rf3 e5 19. Bh2 b5 20. Raf1 b4
21. Rf7 Qxf7 22. Rxf7+ Ke8 23. Rf4 bxa3 24. Rxe4 axb2
25. Re1 Nb4 26. Rb1 Nxc2 27. Rxb2 Ne3 28. Bxe5 Rh5
29. Bxc7 Rc8 30. Ba5 Rxa5 31. Rb4 Bxb4 32. g4 Rxa2
33. Kh1 Rc1# 0-1

[Event "Game 1605 - Rated game, 15m + 0s"]
[Site "Beginners"]
[Date "2003.08.18"]
[Round "?"]
[White "Nako"]
[Black "kmreese"]
[Result "0-1"]
[WhiteElo "1311"]
[BlackElo "1287"]
[PlyCount "106"]
[EventDate "2003.??.??"]

1. e4 c5 2. d3 Nc6 3. c3 d6 4. d4 cxd4
5. cxd4 d5 6. f3 dxe4 7. Bb5 Qa5+ 8. Nc3 Bd7
9. b4 Qxb4 10. Bxc6 Bxc6 11. Bd2 Qxd4 12. Nge2 Qb6
13. fxe4 O-O-O 14. Rb1 Qc5 15. Na4 Bxa4 16. Qxa4 Nf6
17. Rb5 Qc6 18. O-O a6 19. Rb4 Qc5+ 20. Nd4 e5
21. Rc4 Qxc4 22. Qxc4+ Kb8 23. Be3 exd4 24. Bxd4 Bd6
25. e5 Rc8 26. Qxf7 Rhf8 27. Qxg7 Rc7 28. Qg3 Ne4
29. Qb3 Rxf1+ 30. Kxf1 Nd2+ 31. Ke2 Nxb3 32. exd6 Nxd4+
33. Kd3 Rg7 34. Kxd4 Rg5 35. g3 Kc8 36. h4 Rh5
37. g4 Rxh4 38. Ke5 Rxg4 39. Ke6 Kd8 40. a3 h5
41. Kf5 Rg1 42. a4 h4 43. a5 h3 44. Ke6 h2
45. d7 h1=Q 46. Kd6 Qc6+ 47. Ke5 Rd1 48. Kf4 Qe6
49. Kf3 Rf1+ 50. Kg2 Qe2+ 51. Kg3 Qf3+ 52. Kh2 Rf2+
53. Kg1 Qg2# 0-1

[Event "Game 1606 - Rated game, 15m + 0s"]
[Site "Beginners"]
[Date "2003.08.18"]
[Round "?"]
[White "kmreese"]
[Black "Nako"]
[Result "1-0"]
[WhiteElo "1306"]
[BlackElo "1230"]
[PlyCount "71"]
[EventDate "2003.??.??"]

1. e4 e5 2. Nf3 Nf6 3. d3 d6 4. Nc3 Bg4
5. Be2 c6 6. O-O d5 7. exd5 cxd5 8. Nxe5 Bxe2
9. Qxe2 d4 10. Nc6+ Qe7 11. Nxe7 Bxe7 12. b3 dxc3
13. Ba3 O-O 14. Qxe7 Nc6 15. Qxb7 Nd8 16. Qxa8 Nc6
17. Qxc6 g6 18. Bxf8 Kxf8 19. Rfe1 Nh5 20. Re8+ Kg7
21. Qxc3+ f6 22. Re7+ Kh6 23. Qd2+ g5 24. h4 Nf4
25. hxg5+ fxg5 26. Rae1 Kg6 27. Rxa7 h6 28. Ra6+ Kf5
29. Qa5+ Kg4 30. f3+ Kg3 31. Rxh6 g4 32. Qd2 gxf3
33. Qf2+ Kg4 34. Qxf3+ Kg5 35. Rg6+ Kf5 36. Qg4# 1-0

[Event "Game 1607 - Friendly Game, 10m + 0s"]
[Site "Main Playing Hall"]
[Date "2003.08.18"]
[Round "?"]
[White "kmreese"]
[Black "have fun"]
[Result "1-0"]
[WhiteElo "1320"]
[BlackElo "1427"]
[PlyCount "65"]
[EventDate "2003.??.??"]

1. e4 c6 2. f4 d5 3. e5 Bf5 4. Nf3 Bg4
5. f5 Bxf5 6. Nc3 e6 7. d4 Nd7 8. Be2 c5
9. O-O cxd4 10. Nxd4 Bg6 11. Ncb5 Nxe5 12. h4 Bc5
13. Bg5 f6 14. Be3 a6 15. Nxe6 Qe7 16. Nec7+ Kd7
17. Qxd5+ Bd6 18. Nxa8 Qe6 19. Qxb7+ Ke8 20. Nbc7+ Bxc7
21. Nxc7+ Ke7 22. Nxe6+ Kxe6 23. Bc4+ Kd6 24. Rad1+ Nd3
25. Rxd3+ Bxd3 26. Qd5+ Kc7 27. Qxd3 Nh6 28. Bf4+ Kb6
29. Qb3+ Kc6 30. Rd1 Re8 31. Rd6+ Kc7 32. Qb6+ Kc8
33. Bxa6# 1-0

[Event "Game 1614 - Rated game, 20m + 3s"]
[Site "Main Playing Hall"]
[Date "2003.08.20"]
[Round "?"]
[White "kmreese"]
[Black "Qassis"]
[Result "1-0"]
[WhiteElo "1610"]
[BlackElo "1546"]
[PlyCount "31"]
[EventDate "2003.??.??"]

1. e4 c5 2. f4 d6 3. f5 e6 4. Bc4 exf5
5. exf5 Bxf5 6. Nf3 Be7 7. O-O Nd7 8. d4 Ngf6
9. Bxf7+ Kxf7 10. Ng5+ Kg6 11. h4 h6 12. h5+ Nxh5
13. Ne6 Qg8 14. d5 Bxe6 15. dxe6 Qxe6 16. Qd3+ {Black - Resign} 1-0

[Event "Game 1615 - Rated game, 15m + 0s"]
[Site "Main Playing Hall"]
[Date "2003.08.20"]
[Round "?"]
[White "kmreese"]
[Black "Haga"]
[Result "1-0"]
[WhiteElo "1356"]
[BlackElo "1292"]
[PlyCount "59"]
[EventDate "2003.??.??"]

1. e4 c5 2. f4 d6 3. f5 e5 4. Nf3 b6
5. Bc4 Bb7 6. d3 h6 7. O-O Nc6 8. Nc3 Nd4
9. f6 Nxf6 10. Nxd4 exd4 11. Nb5 Be7 12. g4 d5
13. exd5 Nxd5 14. Bxd5 Bxd5 15. Rf5 Bb7 16. Qf1 O-O
17. Bf4 Rc8 18. Nxa7 Ra8 19. Nb5 Qc8 20. Re1 Qc6
21. Rxe7 Qh1+ 22. Kf2 Qf3+ 23. Ke1 Qxf1+ 24. Kxf1 Bc6
25. Nd6 f6 26. h4 Rxa2 27. g5 Rxb2 28. gxh6 Ra8
29. Rxg7+ Kf8 30. Rxf6# 1-0

[Event "Game 1617 - Rated game, 15m + 0s"]
[Site "Main Playing Hall"]
[Date "2003.08.21"]
[Round "?"]
[White "jamesur"]
[Black "kmreese"]
[Result "0-1"]
[WhiteElo "1320"]
[BlackElo "1370"]
[PlyCount "44"]
[EventDate "2003.??.??"]

1. e4 c5 2. Nc3 Nf6 3. Nf3 d6 4. h3 g6
5. Bc4 e6 6. d3 d5 7. exd5 exd5 8. Qe2+ Be7
9. Bb3 O-O 10. O-O Re8 11. Qd2 Nh5 12. Nxd5 Bd6
13. Ng5 Bf4 14. Qd1 Bxg5 15. Bxg5 Qxg5 16. Nc7 Bxh3
17. Qf3 Nf4 18. g3 Bg2 19. Qd1 Qh6 20. Bxf7+ Kxf7
21. f3 Qh1+ 22. Kf2 Nh3# 0-1

[Event "Game 1619 - Rated game, 10m + 2s"]
[Site "Beginners"]
[Date "2003.08.21"]
[Round "?"]
[White "kmreese"]
[Black "kadde"]
[Result "1-0"]
[WhiteElo "1386"]
[BlackElo "1493"]
[Annotator "Black - Resign"]
[PlyCount "25"]
[EventDate "2003.??.??"]

1. e4 e5 2. Nf3 Nc6 3. Bc4 h6 4. d3 Nf6
5. O-O d5 6. exd5 Nxd5 7. Re1 Nf6 8. Nxe5 Nxe5
9. Rxe5+ Be7 10. Qe1 a6 11. b3 b5 12. Ba3 bxc4
13. Rxe7+ { Black - Resign} 1-0

[Event "Game 1621 - Rated game, 10m + 5s"]
[Site "Beginners"]
[Date "2003.08.22"]
[Round "?"]
[White "piter pan"]
[Black "kmreese"]
[Result "0-1"]
[WhiteElo "1081"]
[BlackElo "1409"]
[Annotator "White - Time"]
[PlyCount "54"]
[EventDate "2003.??.??"]

1. e3 e5 2. Qh5 d5 3. Qxe5+ Be7 4. Qxg7 Bf6
5. Qg3 Nc6 6. Nc3 d4 7. Nb5 h5 8. Nxc7+ Kf8
9. Nxa8 dxe3 10. Qxe3 Nd4 11. Kd1 Bf5 12. c3 Nc2
13. Qc5+ Ne7 14. Rb1 Qxa8 15. Qd6 Rh6 16. d3 Bg5
17. Qg3 Bxc1 18. Rxc1 Rg6 19. Qf3 Bg4 20. Rxc2 Bxf3+
21. Nxf3 Nf5 22. d4 b5 23. Bd3 Rxg2 24. Ke2 Qe8+
25. Kf1 Qc6 26. Kxg2 Nh4+ 27. Kg3 Nf5+ {White - Time} 0-1

[Event "Game 1622 - Rated game, 30m + 0s"]
[Site "Beginners"]
[Date "2003.08.22"]
[Round "?"]
[White "kmreese"]
[Black "Holly"]
[Result "1-0"]
[WhiteElo "1624"]
[BlackElo "1469"]
[PlyCount "61"]
[EventDate "2003.??.??"]

1. e4 e6 2. d4 b6 3. e5 f6 4. Nf3 h5
5. Bd3 Ne7 6. exf6 gxf6 7. O-O d5 8. Re1 Nbc6
9. Nc3 a6 10. Nh4 Qd6 11. Bg6+ Nxg6 12. Nxg6 Rg8
13. Qxh5 f5 14. Ne5+ Kd8 15. Nf7+ Kd7 16. Nxd6 cxd6
17. Qf7+ Ne7 18. Qxe6+ Kc6 19. Qe2 b5 20. a4 Bg7
21. axb5+ Kc7 22. Qxe7+ Bd7 23. Nxd5+ Kc8 24. Nb6+ Kc7
25. Nxa8+ Rxa8 26. Qxg7 Re8 27. Rxe8 Kb6 28. Rxa6+ Kxb5
29. Qxd7+ Kxa6 30. Rb8 f4 31. Qa4# 1-0

[Event "Game 1623 - Friendly Game, No clock"]
[Site "Beginners"]
[Date "2003.08.22"]
[Round "?"]
[White "kmreese"]
[Black "Holly"]
[Result "1-0"]
[WhiteElo "1635"]
[BlackElo "1458"]
[PlyCount "37"]
[EventDate "2003.??.??"]

1. e4 Nf6 2. Nc3 d5 3. e5 d4 4. Nb5 Nd5
5. Nxd4 e6 6. Ngf3 Bc5 7. c4 Nf4 8. d3 Bxd4
9. Bxf4 c5 10. Bg5 Qd7 11. a4 f6 12. exf6 Bxf6
13. d4 Bxg5 14. Nxg5 cxd4 15. c5 Nc6 16. Bc4 h6
17. Bxe6 Qd8 18. Qh5+ Ke7 19. Qf7# 1-0

[Event "Game 1624 - Rated game, 10m + 3s"]
[Site "Main Playing Hall"]
[Date "2003.08.23"]
[Round "?"]
[White "kmreese"]
[Black "ignacio_rod"]
[Result "1-0"]
[WhiteElo "1414"]
[BlackElo "1353"]
[PlyCount "55"]
[EventDate "2003.??.??"]

1. e4 e5 2. Nf3 Nc6 3. Bc4 Nf6 4. Ng5 d5
5. Bb3 dxe4 6. Nxf7 Qe7 7. Nxh8 Bg4 8. f3 exf3
9. gxf3 Bh5 10. Nc3 e4 11. O-O Qc5+ 12. Kh1 Qg5
13. d4 Bxf3+ 14. Rxf3 Qg4 15. Nd5 exf3 16. Ne3 Qe4
17. Kg1 Ng4 18. Bf7+ Kd8 19. Bd5 f2+ 20. Kf1 Qf4
21. Nf7+ Ke8 22. Qxg4 Qxh2 23. Qe6+ Be7 24. Bxc6+ bxc6
25. Qxc6+ Kxf7 26. Qd5+ Kg6 27. Qf5+ Kh6 28. Ng4# 1-0

[Event "Game 1625 - Rated game, 60m + 0s"]
[Site "Beginners"]
[Date "2003.08.23"]
[Round "?"]
[White "gambo"]
[Black "kmreese"]
[Result "0-1"]
[WhiteElo "1403"]
[BlackElo "1635"]
[PlyCount "40"]
[EventDate "2003.??.??"]

1. e4 c5 2. d4 Na6 3. Nf3 cxd4 4. Nxd4 e5
5. Nf5 d5 6. exd5 Bxf5 7. Bxa6 Qa5+ 8. Nc3 Qxa6
9. Be3 Nf6 10. Qe2 b5 11. O-O Bg4 12. Qxb5+ Qxb5
13. Nxb5 Rc8 14. Nd6+ Bxd6 15. h3 Bf5 16. c4 Rxc4
17. Rac1 Re4 18. Rc8+ Bxc8 19. Bxa7 Nxd5 20. Re1 Rxe1+ {White - Resign} 0-1

[Event "Game 1626 - Rated game, 60m + 0s"]
[Site "Beginners"]
[Date "2003.08.23"]
[Round "?"]
[White "kmreese"]
[Black "gambo"]
[Result "1-0"]
[WhiteElo "1642"]
[BlackElo "1396"]
[PlyCount "43"]
[EventDate "2003.??.??"]

1. e4 e5 2. Nf3 Nc6 3. Bc4 Nf6 4. Ng5 d5
5. Bb3 Nxe4 6. Nxe4 dxe4 7. O-O Bf5 8. Nc3 Qd6
9. Nb5 Qf6 10. Nxc7+ Ke7 11. Nd5+ Kd7 12. Nxf6+ gxf6
13. Bxf7 Bc5 14. d4 Bxd4 15. Bd5 Ke7 16. b3 Rad8
17. Ba3+ Ke8 18. Qh5+ Bg6 19. Bxc6+ bxc6 20. Qh4 Bxa1
21. Qxf6 Rg8 22. Qe7# 1-0

[Event "Game 1629 - Rated game, 12m + 2s"]
[Site "Beginners"]
[Date "2003.08.23"]
[Round "?"]
[White "ericoal"]
[Black "kmreese"]
[Result "0-1"]
[WhiteElo "1385"]
[BlackElo "1441"]
[Annotator "White - Time"]
[PlyCount "64"]
[EventDate "2003.??.??"]

1. d4 Nf6 2. Nf3 d5 3. h3 c5 4. e3 cxd4
5. Qxd4 Nc6 6. Bb5 Qa5+ 7. Bd2 Qxb5 8. Qc3 Ne4
9. Qb3 Qc5 10. O-O Nxd2 11. Nbxd2 Be6 12. Qxb7 Rd8
13. c3 Rb8 14. Qa6 Bc8 15. Qd3 e5 16. b4 Qd6
17. Qc2 e4 18. Nh2 Qe5 19. Ng4 Qg5 20. Nh2 Bxh3
21. g3 Ne5 22. Qa4+ Kd8 23. Qa5+ Kc8 24. Rfe1 Bd6
25. Qa6+ Kc7 26. Qxa7+ Rb7 27. Qa5+ Rb6 28. c4 Nc6
29. Nxe4 Qg6 30. Qxd5 Nxb4 31. Qd1 Qxe4 32. f3 Qg6 { White - Time} 0-1